000 00261nam a22001097a 4500
008 170120b xxu||||| |||| 00| 0 eng d
020 _a9781582555607
041 _aeng
080 _22ND
_a618.2
245 _aCRITICAL CARE NURSING
_cSCHILLING, J.A
942 _2udc
_cBK
999 _c3275
_d3275